Zásady státní energetické politiky.
Cieľom štátnej energetickej politiky je vytvoriť vhodné podmienky pre hospodárne a ekologické zásobovanie národného hospodárstva a obyvateľstva všetkými formami energie. To znamená vytvoriť konkurenčné prostredie (odštátnenie podnikov energetického hospodárstva), zvýšiť využívanie energetických vstu...
Saved in:
| Main Author: | |
|---|---|
| Format: | Book Chapter |
| Language: | Czech |
| Subjects: | |
| Tags: |
No Tags, Be the first to tag this record!
|
MARC
| LEADER | 00000naa a2200000 4500 | ||
|---|---|---|---|
| 001 | r009995 | ||
| 005 | 20220831084747.2 | ||
| 041 | 0 | |a cze | |
| 044 | |a [CS] | ||
| 245 | 1 | 0 | |a Zásady státní energetické politiky. |c P. Brychta |
| 520 | |a Cieľom štátnej energetickej politiky je vytvoriť vhodné podmienky pre hospodárne a ekologické zásobovanie národného hospodárstva a obyvateľstva všetkými formami energie. To znamená vytvoriť konkurenčné prostredie (odštátnenie podnikov energetického hospodárstva), zvýšiť využívanie energetických vstupov a znížiť energetickú náročnosť HDP na úroveň vyspelých štátov. | ||
| 610 | 2 | 0 | |a energetika |
| 610 | 2 | 0 | |a podnik štátny |
| 610 | 2 | 0 | |a deetatizácia |
| 610 | 2 | 0 | |a hospodárnosť |
| 610 | 2 | 0 | |a ekológia |
| 610 | 2 | 0 | |a využitie energie |
| 610 | 2 | 0 | |a úspory energie |
| 610 | 2 | 0 | |a náročnosť výroby energetická |
| 610 | 2 | 0 | |a ČSFR |
| 100 | 1 | |a Brychta, P. | |